| Tag |
First Indicator |
Second Indicator |
Subfields |
| LEADER |
00000cam a2200000I 4500 |
| 001 |
in00001820013 |
| 005 |
20151026055915.0 |
| 008 |
760330s1971 ru 000 0 rusr |
| 010 |
|
|
|a 72303050
|
| 015 |
|
|
|a USSR71-VKP
|
| 035 |
|
|
|a (OCoLC)ocm02078398
|
| 040 |
|
|
|a DLC
|c LUU
|d LUU
|d TXA
|d UtOrBLW
|
| 049 |
|
|
|a TXAM
|
| 050 |
|
0 |
|a PG3095
|b .O3
|
| 090 |
|
|
|a PG3095
|b .O3 1971
|
| 100 |
1 |
|
|a Odinokov, Viktor Georgievich.
|
| 245 |
1 |
0 |
|a Problemy poétiki i tipologii russkogo romana XIX v.
|
| 264 |
|
1 |
|a Novosibirsk :
|b "Nauka," Sib. otd-nie,
|c 1971.
|
| 300 |
|
|
|a 192 pages ;
|c 21 cm.
|
| 336 |
|
|
|a text
|b txt
|2 rdacontent
|
| 337 |
|
|
|a unmediated
|b n
|2 rdamedia
|
| 338 |
|
|
|a volume
|b nc
|2 rdacarrier
|
| 500 |
|
|
|a At head of title: Akademii︠a︡ nauk SSSR. Sibirskoe otdelenie. Novosibirskiĭ gosudarstvennyĭ universitet. V. G. Odinokov.
|
| 504 |
|
|
|a Includes bibliographical references.
|
| 650 |
|
0 |
|a Russian fiction
|y 19th century
|x History and criticism.
|
| 948 |
|
|
|a cataloged
|b h
|c 2004/5/6
|d c
|e spoltoratski
|f 7:53:22 am
|
| 994 |
|
|
|a E0
|b TXA
|
| 999 |
|
|
|a MARS
|
| 999 |
f |
f |
|s 95dae646-453a-3505-a12f-ffd0820a0397
|i 665aeb45-da00-3f6b-a131-6337acd6d2b2
|t 0
|
| 952 |
f |
f |
|p ric
|a Texas A&M University
|b Rellis Campus
|c Joint Library Facility
|d Remote Storage
|t 0
|e PG3095 .O3 1971
|h Library of Congress classification
|i unmediated -- volume
|m A14831168951
|
| 998 |
f |
f |
|a PG3095 .O3 1971
|t 0
|l Remote Storage
|